Dans quel pays est né cet artiste francophone ? - Statistiques

Statistiques générales
  • Ce quiz a été pris 51 fois
  • Le résultat moyen est 16 sur 45
Statistiques - réponses
Hint Réponse % Correct
Stromae Belgique
85%
Carla Bruni Italie
76%
Jacques Brel Belgique
70%
Joséphine Baker Etats-Unis
67%
Annie Cordy Belgique
63%
Daniel Balavoine France
63%
Dalida Egypte
61%
Jean Ferrat France
61%
Maurane Belgique
57%
Robert Charlebois Canada
57%
Charles Aznavour France
57%
Mika Liban
57%
Luis Mariano Espagne
54%
Patrick Bruel Algérie
52%
Claude François Egypte
52%
Daniel Lavoie Canada
50%
Nana Mouskouri Grèce
50%
Khaled Algérie
48%
Stephan Eicher Suisse
48%
Sylvie Vartan Bulgarie
43%
Reda Caire Egypte
43%
Dave Pays-Bas
43%
Michel Jonasz France
41%
Enrico Macias Algérie
35%
Salvatore Adamo Italie
35%
Yves Montand Italie
30%
Patrick Juvet Suisse
26%
Joe Dassin Etats-Unis
24%
Tino Rossi France
24%
Léonard Cohen Canada
15%
Mike Brant Chypre
15%
Chantal Goya Vietnam
13%
Régine Belgique
11%
Léo Ferré Monaco
11%
Rina Ketty Italie
9%
Antoine Madagascar
9%
Alain Souchon Maroc
9%
Richard Anthony Egypte
4%
Georges Moustaki Egypte
4%
Guy Béart Egypte
2%
Richard Cocciante Vietnam
2%
Louis Bertignac Algérie
0%
Georges Guéthary Egypte
0%
Philippe Chatel Maroc
0%
Eric Charden Vietnam
0%
Aucun quiz correspondant
Distribution des résultats
% des personnes avec chaque résultat
Percentile par nombre de réponses
Votre historique - résultats
Vous n’avez pas pris ce quiz